000 00316 a2200133 4500
001 155749
040 _cEscola São Tomás de Aquino
100 _aSOUZA, Maurício
240 1 0 _aA cigarra e a formiga
_lpor
245 1 0 _aA cigarra e a formiga
440 1 _aGirassol
697 _a*LITERATURA INFANTIL
942 _cBK
999 _c155749
_d155749